000 00532nam a22002177a 4500
003 CEME
005 20211111135942.0
008 210210b xxu||||| |||| 00| 0 eng d
020 _a81-7808-577-1
038 _aasad
040 _c.
082 _a621.3815 WAK
100 _aWakerly, John.F
_960843
245 _aDigital Design: Principles and Practices
250 _a3rd
260 _aINDIA:
_bPEARSON EDUCATION ASIA,
_c2002
300 _aXXIII,946P
563 _aHB
650 _aDigital Design
_969026
942 _cBK
_2ddc
999 _c570466
_d570466